000 01064nam a2200313 i 4500
003 EG-GICUC
005 20260418030453.0
008 260418s2001 ua d|||fr|||| 00| 0 Ara d
017 _a4454/2001
040 _a EG-GICUC
_bara
_c EG-GICUC
_d EG-GICUC
_erda
041 _aAra
082 0 4 _221
_a343.432
_bق ا
092 0 4 _221
099 _aLaw1 10 343.432 ق ا 2001
245 0 0 _aقانون المرور ولائحته التنفيذية رقم 2777 لسنة 2001.
264 3 _aالقاهرة :
_bدار وهدان للطباعة،
_c2001.
300 _a304 صفحة :
_b؛جداول
_c24 سم.
336 _2rda content
_atext
337 _2rda media
_aComputer
338 _2rda carrier
_aOnline Resource
490 _aنقابة المحامين
546 _aالنص باللغة العربية
650 1 _aالتشريع الخاص بالمرور
_2qrmak
650 1 _aالقانون الجنائى
_2qrmak
651 1 _2qrmak
856 4 0 _uhttps://fll.law.cu.edu.eg/fulltext/bks/B10-09817.pdf
905 _a54
942 _2ddc
_cBK
_e21
_n0
999 _c71568
_d71568